5HLuxD.jpg

KING HENRY VIII SENIOR AND PRIMARY SCHOOL LIBRARY OPAC

Cristiano Ronaldo / (Record no. 396)

000 -LEADER
fixed length control field 01371cam a22003374i 4500
001 - CONTROL NUMBER
control field 18499524
003 - CONTROL NUMBER IDENTIFIER
control field OSt
005 - DATE AND TIME OF LATEST TRANSACTION
control field 20190815090633.0
008 - FIXED-LENGTH DATA ELEMENTS--GENERAL INFORMATION
fixed length control field 150220t20152015miua b 001 0beng
010 ## - LIBRARY OF CONGRESS CONTROL NUMBER
LC control number 2015007393
020 ## - INTERNATIONAL STANDARD BOOK NUMBER
International Standard Book Number 9781420513288 (hardcover)
040 ## - CATALOGING SOURCE
Original cataloging agency DLC
Language of cataloging eng
Transcribing agency DLC
Description conventions rda
Modifying agency DLC
042 ## - AUTHENTICATION CODE
Authentication code pcc
043 ## - GEOGRAPHIC AREA CODE
Geographic area code e-po---
082 00 - DEWEY DECIMAL CLASSIFICATION NUMBER
Classification number 921 STE
Edition number 23
100 1# - MAIN ENTRY--PERSONAL NAME
Personal name Stewart, Gail B.
Fuller form of name (Gail Barbara),
Dates associated with a name 1949-
Relator term author
245 10 - TITLE STATEMENT
Title Cristiano Ronaldo /
Statement of responsibility, etc. by Gail B. Stewart.
264 #1 - PRODUCTION, PUBLICATION, DISTRIBUTION, MANUFACTURE, AND COPYRIGHT NOTICE
Place of production, publication, distribution, manufacture Farmington Hills, Mich. :
Name of producer, publisher, distributor, manufacturer Lucent Books,
Date of production, publication, distribution, manufacture, or copyright notice [2015]
300 ## - PHYSICAL DESCRIPTION
Extent 104 pages :
Other physical details color illustrations ;
Dimensions 23 cm.
336 ## - CONTENT TYPE
Content type term text
Content type code txt
Source rdacontent
337 ## - MEDIA TYPE
Media type term unmediated
Media type code n
Source rdamedia
338 ## - CARRIER TYPE
Carrier type term volume
Carrier type code nc
Source rdacarrier
490 0# - SERIES STATEMENT
Series statement People in the News
504 ## - BIBLIOGRAPHY, ETC. NOTE
Bibliography, etc. note Includes bibliographical references (pages 98-99) and index.
505 0# - FORMATTED CONTENTS NOTE
Formatted contents note The very, very best in the world -- An island childhood -- Club Soccer -- The most expensive teenager in Britain -- A move to Spain -- Expanding his reach -- Notes -- For further reading -- Timeline.
600 10 - SUBJECT ADDED ENTRY--PERSONAL NAME
Personal name Ronaldo, Cristiano,
Dates associated with a name 1985-
650 #0 - SUBJECT ADDED ENTRY--TOPICAL TERM
Topical term or geographic name entry element Soccer players
Geographic subdivision Portugal
Form subdivision Biography.
906 ## - LOCAL DATA ELEMENT F, LDF (RLIN)
a 7
b cbc
c orignew
d 1
e ecip
f 20
g y-gencatlg
942 ## - ADDED ENTRY ELEMENTS (KOHA)
Source of classification or shelving scheme
Koha item type Books - Non Ficton
Holdings
Withdrawn status Lost status Source of classification or shelving scheme Damaged status Not for loan Collection code Permanent Location Current Location Shelving location Date acquired Full call number Barcode Date last seen Price effective from Koha item type
          Non-Fiction KH8 Senior School Library KH8 Senior School Library Non Fiction 2019-08-09 921 STE 3KHSL000101022 2019-08-09 2019-08-09 Books - Non Ficton

Powered By KH8 IT Dept